[Event "Match"]
[Site "www.echecsemail.com"]
[Date "2015.07.20"]
[Round "1"]
[White "Fred59"]
[Black "Goodwill"]
[WhiteElo "999"]
[BlackElo "1499"]
[Result "0-1"]
[Round "1"]
1.d4 Ng8f6
2.c4 e6
3.Nb1c3 Bf8b4
4.a3 Bb4xc3
5.bxc3 b6
6.Bc1g5 Bc8a6
7.e4 h6
8.Bg5xf6 gxf6
9.Bf1d3 Nb8c6
10.Qd1h5 Nc6a5
11.Qh5e2 Qd8c8
12.Ng1f3 Qc8b7
 { time }
0-1

[Event "Match"]
[Site "www.echecsemail.com"]
[Date "2015.07.20"]
[Round "1"]
[White "Bbking"]
[Black "Derik"]
[WhiteElo "1490"]
[BlackElo "1440"]
[Result "0-1"]
[Round "1"]
1.e4 e6
2.e5 Nb8c6
3.Ng1f3 Ng8e7
4.d4 g6
5.Bf1b5 Bf8g7
6.Bb5xc6 Ne7xc6
7.Nb1c3 O-O
8.O-O b6
9.Bc1g5 Qd8e8
10.Rf1e1 Bc8a6
11.h3 d5
12.a4 b5
13.axb5 Ba6xb5
14.Nc3xb5 Qe8c8
15.b3 f6
16.Bg5h4 Qc8b7
17.Nb5c3 g5
18.Bh4g3 Qb7xb3
19.cxb3 Rf8b8
20.Ra1a6 Nc6b4
21.Ra6xe6 c6
22.exf6 Bg7h6
23.Bg3xb8 Ra8xb8
24.Re6e8 Rb8xe8
 { time }
0-1

[Event "Match"]
[Site "www.echecsemail.com"]
[Date "2015.07.20"]
[Round "1"]
[White "Fangshuo1"]
[Black "Chessdiot"]
[WhiteElo "1499"]
[BlackElo "1499"]
[Result "1-0"]
[Round "1"]
1.e4 c5
2.Ng1f3 d6
3.d4 cxd4
4.Nf3xd4 Ng8f6
5.Nb1c3 a6
6.Bf1c4 Nb8c6
7.Nd4xc6 bxc6
8.O-O  { time }
1-0

[Event "Match"]
[Site "www.echecsemail.com"]
[Date "2015.07.20"]
[Round "1"]
[White "Manolinex"]
[Black "Pgcbies"]
[WhiteElo "2720"]
[BlackElo "2760"]
[Result "1-0"]
[Round "1"]
1.e4 e5
2.f4 Qd8h4
3.g3 Qh4e7
4.Nb1c3 exf4
5.Bf1g2 Ng8f6
6.d4 fxg3
7.hxg3 d5
8.e5 c6
9.Bc1g5 Qe7c7
10.Qd1e2 Nf6g4
11.Bg2f3 h5
12.Ng1h3 Bf8e7
13.O-O-O g6
14.Bf3xd5 cxd5
15.Nc3xd5 Be7xg5
16.Nh3xg5 Qc7d8
17.Nd5f6 Ng4xf6
18.exf6 Kf8
19.Qe2c4 Qd8xf6
20.Qc4xc8 Kg7
21.Qc8xb7 Qf6xg5
22.Kb1 Nb8d7
23.Qb7xd7 Rh8d8
24.Qd7c7 Ra8c8
25.Qc7xa7 Qg5xg3
26.d5 Qg3e5
27.Rh1f1 Rc8c7
28.Qa7d4 Qe5xd4
29.Rd1xd4 f5
30.c4 Kf6
31.b4 Ke5
32.Rf1d1 { resign }
1-0

[Event "Match"]
[Site "www.echecsemail.com"]
[Date "2015.07.20"]
[Round "1"]
[White "Fred59"]
[Black "Supernovae"]
[WhiteElo "999"]
[BlackElo "1970"]
[Result "0-1"]
[Round "1"]
1.d4 Ng8f6
2.c4 c5
3.d5 b5
4.cxb5 a6
5.bxa6 Bc8xa6
6.Nb1c3 d6
7.Ng1f3 g6
8.e4 Ba6xf1
9.Kxf1 Bf8g7
10.g3 O-O
11.Kg2 Nb8d7
12.Qd1c2 Nf6g4
 { time }
0-1

[Event "Match"]
[Site "www.echecsemail.com"]
[Date "2015.07.20"]
[Round "1"]
[White "Hardland"]
[Black "Swampcat"]
[WhiteElo "1700"]
[BlackElo "1359"]
[Result "1-0"]
[Round "1"]
1.c4 d5
2.cxd5 Qd8xd5
3.Nb1c3 Qd5a5
4.Ng1f3 Ng8f6
5.d3 e5
6.Bc1d2 Nb8c6
7.Nc3e4 Bf8b4
8.Ne4xf6 gxf6
9.a3 Bb4xd2
10.Qd1xd2 Qa5xd2
11.Nf3xd2 Nc6d4
12.Ra1c1 Bc8e6
13.e3 Nd4b3
14.Nd2xb3 Be6xb3
15.Rc1xc7 Bb3d5
16.e4 Bd5c6
17.Bf1e2 O-O
18.O-O Ra8c8
19.Rc7xc8 Rf8xc8
20.Rf1c1 Kg7
21.g3 Kg6
22.Be2g4 Rc8d8
23.Rc1c3 h5
24.Bg4e2 Kg5
25.h3 h4
26.g4 Rd8d4
27.Kg2 a6
28.Kf3 Rd4a4
29.Be2d1 Ra4d4
30.Bd1b3 Bc6b5
31.Ke3 Kg6
32.Bb3c2 Kg5
33.Bc2b3 Kg6
34.f3  { time }
1-0

[Event "Match"]
[Site "www.echecsemail.com"]
[Date "2015.07.20"]
[Round "1"]
[White "Ditto"]
[Black "Swampcat"]
[WhiteElo "1730"]
[BlackElo "1359"]
[Result "0-1"]
[Round "1"]
1.e4 e6
2.Ng1f3 d5
3.Nb1c3 dxe4
4.Nc3xe4 Ng8f6
5.Ne4c3 Nb8c6
6.d3 Bf8c5
7.Bc1g5 h6
8.Bg5f4 Nf6g4
9.d4 Nc6xd4
10.Nc3e4 Nd4xf3
11.gxf3 Qd8xd1
12.Ra1xd1 e5
13.Bf4g3 Bc5b6
14.Bf1b5 c6
15.Bb5xc6 bxc6
16.fxg4 O-O
17.O-O Bc8xg4
18.Rd1d6 Rf8c8
19.c4 c5
20.b3 Rc8d8
21.Rd6xd8 Ra8xd8
22.Bg3xe5 Rd8e8
23.f4 f6
24.Ne4d6 Re8e6
25.Nd6c8 fxe5
26.Nc8xb6 axb6
27.f5 Re6f6
28.Rf1e1 Rf6xf5
29.Re1e3 Kf7
30.Kg2 Kf6
31.Kg3 Rf5f4
32.Re3d3 Rf4d4
33.Rd3e3 Kf5
34.a3 g5
35.a4 e4
36.h3 Bg4xh3
37.Kxh3 Rd4d3
38.Re3g3 Kf4
{ resign }
0-1

[Event "Match"]
[Site "www.echecsemail.com"]
[Date "2015.07.20"]
[Round "1"]
[White "Razorboy"]
[Black "Ditto"]
[WhiteElo "1890"]
[BlackElo "1830"]
[Result "1/2-1/2"]
[Round "1"]
1.e4 e5
2.Ng1f3 Nb8c6
3.Bf1b5 Bf8c5
4.Bb5xc6 bxc6
5.d3 Ng8f6
6.Bc1g5 d6
7.Bg5xf6 Qd8xf6
8.O-O Bc8g4
9.c4 O-O
10.Qd1d2 Ra8b8
11.b3 a5
12.a4 Qf6g6
13.Nf3h4 Qg6f6
14.g3 Bc5d4
15.Ra1a3 Bd4c5
16.Ra3a2 Bc5b4
17.Qd2e3 Bb4c5
18.Qe3d2 Bc5b4
19.Qd2e3 Bb4c5
20.Qe3d2 Rb8xb3
21.Ra2b2 Rb3xb2
22.Qd2xb2 Bc5b4
23.Nb1d2 Bg4e2
24.Rf1e1 Be2g4
25.f3 Bg4d7
26.Re1f1 
1/2-1/2

[Event "Match"]
[Site "www.echecsemail.com"]
[Date "2015.07.20"]
[Round "1"]
[White "Yussuf1000"]
[Black "Fkarpov"]
[WhiteElo "1499"]
[BlackElo "2030"]
[Result "1-0"]
[Round "1"]
1.d4 Ng8f6
2.Ng1f3 e6
3.Bc1f4 Bf8b4
4.c3 Bb4e7
5.h3 O-O
6.e3 Nf6d5
7.Bf4h2 c5
8.Bf1e2 cxd4
9.exd4 Nb8c6
10.O-O Qd8b6
11.Qd1c2 Nd5f6
12.Nb1d2 d6
13.Rf1e1 Bc8d7
14.Nd2c4 Qb6c7
15.Nc4e3 Ra8c8
16.Ra1d1 Nc6b4
17.Qc2b1 Nb4d5
18.Ne3xd5 Nf6xd5
19.c4 Nd5b6
20.b3 Qc7c6
21.Be2d3 g6
22.Bd3e4 d5
23.Nf3e5 Qc6c7
24.Ne5xg6 Qc7d8
25.Ng6xe7 Qd8xe7
26.Be4xh7 Kg7
27.c5 Nb6a8
28.Bh2e5 { resign }
1-0

[Event "Match"]
[Site "www.echecsemail.com"]
[Date "2015.07.20"]
[Round "1"]
[White "Vinvangogh"]
[Black "Micheles"]
[WhiteElo "1520"]
[BlackElo "2570"]
[Result "0-1"]
[Round "1"]
1.Nb1c3 d5
2.e4 dxe4
3.Nc3xe4 Nb8d7
4.Bf1b5 c6
5.Bb5c4 Ng8f6
6.Qd1f3 Nd7e5
7.Bc4b3 Ne5xf3
8.gxf3 Nf6xe4
9.fxe4 e6
10.Ng1f3 Qd8f6
11.Nf3g1 Bf8c5
12.Ng1h3 e5
13.c3 Bc8xh3
14.d4 exd4
15.Ke2 Bh3g4
16.Ke1 Qf6f3
17.Rh1g1 Qf3e2
{ resign }
0-1

[Event "Match"]
[Site "www.echecsemail.com"]
[Date "2015.07.20"]
[Round "1"]
[White "Harrytheking"]
[Black "Pinehill"]
[WhiteElo "1790"]
[BlackElo "1820"]
[Result "1/2-1/2"]
[Round "1"]
1.c4 Ng8f6
2.d3 e6
3.Bc1d2 d5
4.Ng1f3 c6
5.h3 Bf8d6
6.Nb1c3 Nb8d7
7.b3 O-O
8.e3 dxc4
9.bxc4 Bd6b4
10.a3 Bb4a5
11.Nc3e4 Nf6xe4
12.dxe4 Ba5xd2
13.Nf3xd2 Nd7c5
14.Bf1e2 Qd8a5
15.O-O Rf8d8
16.Ra1a2 Nc5xe4
17.Qd1c2 Ne4xd2
18.Rf1d1 h6
19.Rd1xd2 Rd8xd2
20.Qc2xd2 Qa5xd2
21.Ra2xd2 b6
22.Rd2d8 Kh7
23.Be2d3 g6
24.Rd8d6 c5
25.Bd3e4 Ra8b8
26.g4 Bc8b7
27.Be4xb7 Rb8xb7
28.a4 a6
29.e4 Kg7
30.a5 b5
31.cxb5 axb5
32.Rd6b6 Rb7a7
33.Rb6xb5 c4
34.Rb5c5 c3
35.Rc5xc3 Ra7xa5
36.f4 g5
37.fxg5 hxg5
38.Kg2 Kg6
39.Kf3 e5
40.Rc3c6 f6
41.Rc6c8 Ra5a3
42.Kg2 Ra3e3
43.Rc8c4 Re3a3
44.Rc4c2 Ra3e3
45.Rc2c4 Re3d3
46.Rc4c2 Rd3e3
{ draw }
1/2-1/2

[Event "Match"]
[Site "www.echecsemail.com"]
[Date "2015.07.20"]
[Round "1"]
[White "Pellix84"]
[Black "Fred59"]
[WhiteElo "1930"]
[BlackElo "999"]
[Result "1-0"]
[Round "1"]
1.e4 Ng8f6
2.Nb1c3 d5
3.exd5 Nf6xd5
4.Bf1c4 e6
5.a3 Bf8e7
6.d3 O-O
7.Qd1g4 c6
8.Bc1h6 Be7f6
9.Nc3e4 Nb8d7
10.Ng1e2 Nd7e5
11.Ne4xf6 Qd8xf6
12.Qg4g3 Ne5xc4
13.dxc4 Qf6xh6
14.cxd5 exd5
15.O-O  { time }
1-0

[Event "Match"]
[Site "www.echecsemail.com"]
[Date "2015.07.20"]
[Round "1"]
[White "Norbos"]
[Black "Samdriver"]
[WhiteElo "1630"]
[BlackElo "1499"]
[Result "1-0"]
[Round "1"]
1.e4 Ng8f6
2.Nb1c3 g5
3.g4 d5
4.f3 h5
5.Bf1b5 c6
6.Bb5a4 b5
7.Ba4b3 e6
8.e5 Nf6h7
9.d4 h4
10.Ng1h3 Bf8b4
11.Bc1d2 Qd8b6
12.Nc3e2 Qb6a5
13.c3 Bb4f8
14.c4 b4
15.a3 Qa5a6
16.axb4 Qa6b6
17.cxd5 exd5
18.Bb3a4 Nb8a6
19.Qd1c1 Na6xb4
20.O-O Bc8a6
21.Rf1e1 Nb4d3
22.Qc1c3 Nd3xe1
23.Ra1xe1  { time }
1-0

[Event "Match"]
[Site "www.echecsemail.com"]
[Date "2015.07.20"]
[Round "1"]
[White "Gilliere"]
[Black "Fred59"]
[WhiteElo "1790"]
[BlackElo "999"]
[Result "1-0"]
[Round "1"]
1.e4 Ng8f6
2.e5 Nf6d5
3.c4 Nd5b6
4.d4 d6
5.Ng1f3 Bc8g4
6.Bf1e2 g6
7.Nb1d2 Bf8g7
8.h3 Bg4xf3
9.Nd2xf3 O-O
10.O-O Nb8c6
11.exd6 cxd6
12.d5 Nc6e5
13.Nf3xe5 Bg7xe5
14.f4 Be5g7
15.Ra1b1  { time }
1-0

[Event "Match"]
[Site "www.echecsemail.com"]
[Date "2015.07.20"]
[Round "1"]
[White "Hajota"]
[Black "Mknittel"]
[WhiteElo "2620"]
[BlackElo "1809"]
[Result "1-0"]
[Round "1"]
1.Ng1f3 Ng8f6
2.c4 c5
3.Nb1c3 Nb8c6
4.d4 cxd4
5.Nf3xd4 e6
6.Bc1f4 d5
7.e3 Bf8b4
8.Nd4xc6  { time }
1-0

[Event "Match"]
[Site "www.echecsemail.com"]
[Date "2015.07.20"]
[Round "1"]
[White "Culiflori"]
[Black "Gilliere"]
[WhiteElo "999"]
[BlackElo "1790"]
[Result "1-0"]
[Round "1"]
1.e4 e5
2.Ng1f3 d6
3.d4 exd4
4.Nf3xd4 Ng8f6
5.Nb1c3 h6
6.Bf1c4 Nb8d7
7.Bc1f4 Bf8e7
8.Nd4f5 O-O
9.O-O Rf8e8
10.Rf1e1 Be7f8
11.Qd1f3 Nd7e5
12.Bf4xe5 Re8xe5
13.Ra1d1 Bc8xf5
14.exf5 Re5xe1
15.Rd1xe1 c6
16.h3 d5
17.Re1d1 Qd8c8
18.Bc4d3 d4
19.Nc3e4 Qc8d8
20.Bd3c4 c5
21.c3 Ra8b8
22.g4 b5
23.Ne4xf6 Qd8xf6
24.Bc4d5 dxc3
25.bxc3 c4
26.Qf3e3 Qf6b6
27.Qe3g3 Bf8d6
28.Bd5xf7 Kxf7
29.Qg3xd6 Qb6xd6
30.Rd1xd6 Ke7
31.Rd6g6 Kf7
32.Rg6a6 Rb8b7
33.f4 Rb7d7
34.Ra6a5 Rd7b7
35.Kf2 Kf6
36.Kf3 g6
37.Ra5a6 Kg7
38.Ra6xg6 Kh7
39.Rg6d6 Kg7
40.Ke4 Rb7e7
41.Rd6e6 Re7d7
42.g5 hxg5
43.fxg5 Rd7d2
44.Re6a6 Rd2e2
45.Kf3 Re2h2
46.Ra6xa7 Kf8
47.Kg3 Rh2c2
48.Ra7a3 Rc2d2
49.f6 Rd2d3
50.Kg4 Rd3d1
51.h4 Rd1g1
52.Kh5 Kf7
53.Ra3a7 Ke6
54.f7 { resign }
1-0

[Event "Match"]
[Site "www.echecsemail.com"]
[Date "2015.07.20"]
[Round "1"]
[White "Udo40"]
[Black "Culiflori"]
[WhiteElo "1670"]
[BlackElo "999"]
[Result "0-1"]
[Round "1"]
1.Ng1f3 d5
2.d4 Ng8f6
3.c4 e6
4.cxd5 Nf6xd5
5.e4 Nd5b6
6.Bf1d3 Bf8b4
7.Bc1d2 Bb4xd2
8.Qd1xd2 Nb8c6
9.O-O O-O
10.e5 Bc8d7
11.Qd2c2 h6
12.Nb1d2 Nc6b4
13.Qc2b1 Nb4xd3
14.Qb1xd3 Bd7c6
15.Ra1c1 Qd8d5
16.b3 Ra8d8
17.Rf1e1 g5
18.h3 h5
19.Rc1c5 Qd5xc5
20.Nf3xg5 f5
21.Ng5xe6 Qc5d5
22.Qd3g3 Kf7
23.Ne6xd8 Rf8xd8
24.Qg3g5 Rd8g8
25.Qg5xh5 Ke7
26.Nd2f3 Qd5xf3
27.Qh5xf3 Bc6xf3
28.Kf1 Bf3xg2
29.Ke2 Bg2xh3
30.a4 Nb6d5
31.Re1h1 Rg8h8
32.Kf3 Bh3g4
{ resign }
0-1

[Event "Match"]
[Site "www.echecsemail.com"]
[Date "2015.07.20"]
[Round "1"]
[White "Whitekknight"]
[Black "Wildtiger"]
[WhiteElo "1870"]
[BlackElo "1620"]
[Result "1-0"]
[Round "1"]
1.e4 d5
2.exd5 Qd8xd5
3.Nb1c3 Qd5e6
4.Qd1e2 Qe6g6
5.d3 Nb8c6
6.Bc1f4 Ng8f6
7.Bf4xc7 Nc6d4
8.Qe2d2 e6
9.a3 b6
10.Ng1e2 Bc8b7
11.Ne2xd4 Bb7xg2
12.Rh1g1 Bf8c5
13.Bf1xg2 O-O
14.Nc3e2 Ra8c8
15.Bc7e5 Bc5xd4
16.Be5xd4 Rf8e8
17.Bg2c6 Qg6h5
18.Bc6xe8 Rc8xe8
19.O-O-O e5
20.Bd4e3 Nf6g4
21.Rg1xg4 Qh5xg4
22.Ne2g3 Qg4h3
23.f4 exf4
24.Be3xf4 Qh3g4
25.Kb1 h5
26.Qd2b4 h4
27.Ng3f1 Qg4xd1
28.Ka2 Re8c8
29.Nf1e3 Qd1e2
30.Kb3 Rc8c5
31.Ne3c4 Qe2f2
32.Bf4e3 Rc5xc4
33.Be3xf2 Rc4xb4
34.axb4 Kf8
35.Bf2xh4 b5
36.c4 a6
37.c5 Ke8
38.d4 Kd7
39.Kc3 Kc6
40.Bh4e7 Kd7
41.Be7d6 g5
42.Kd3 f5
43.Ke3 Kc6
44.h3 Kd5
45.Bd6e7 f4
46.Kf3 { resign }
1-0

[Event "Match"]
[Site "www.echecsemail.com"]
[Date "2015.07.20"]
[Round "1"]
[White "Kesalon"]
[Black "Alanocturna"]
[WhiteElo "1970"]
[BlackElo "1680"]
[Result "1-0"]
[Round "1"]
1.e4 g6
2.d4 Bf8g7
3.Ng1f3 Nb8c6
4.Nb1c3 e6
5.Bf1b5 Ng8e7
6.Bc1f4 O-O
7.O-O d5
8.Bb5xc6 bxc6
9.Rf1e1 dxe4
10.Nc3xe4 Ne7d5
11.Bf4e5 Bg7xe5
12.Nf3xe5 Bc8b7
13.Ne4c5 Bb7c8
14.Ne5xc6 Qd8d6
15.Nc6e5 f6
16.Ne5f3  { time }
1-0

[Event "Match"]
[Site "www.echecsemail.com"]
[Date "2015.07.20"]
[Round "1"]
[White "Caspito"]
[Black "Harrytheking"]
[WhiteElo "1800"]
[BlackElo "1780"]
[Result "1/2-1/2"]
[Round "1"]
1.e4 b6
2.d4 Bc8a6
3.Bf1xa6 Nb8xa6
4.c3 e6
5.Ng1h3 h6
6.O-O Ng8e7
7.Nb1d2 Ne7g6
8.Nd2f3 c6
9.e5 d5
10.a3 Bf8e7
11.b3 O-O
12.b4 c5
13.b5 Na6c7
14.a4 c4
15.Nh3f4 Ng6xf4
16.Bc1xf4 a6
17.bxa6 Ra8xa6
18.Nf3e1 b5
19.Ne1c2 bxa4
20.Nc2b4 Ra6a8
21.Nb4c6 Qd8d7
22.Nc6xe7 Qd7xe7
23.Ra1xa4 Ra8xa4
24.Qd1xa4 Rf8a8
25.Qa4c2 Nc7b5
26.Qc2d2 g5
27.Bf4g3 Ra8a3
28.Rf1c1 f5
29.Qd2b2 Ra3b3
30.Qb2d2 f4
31.Bg3xf4 gxf4
32.Qd2xf4 Nb5xc3
33.Qf4f3 Qe7g5
34.Rc1a1 Rb3b1
35.Ra1xb1 Nc3xb1
36.h3 Qg5c1
37.Kh2 Nb1d2
38.Qf3g4 Kh7
39.Qg4xe6 Nd2f1
40.Kg1 c3
41.Qe6f7 Kh8
42.Qf7f8 Kh7
{ draw }
1/2-1/2

[Event "Match"]
[Site "www.echecsemail.com"]
[Date "2015.07.20"]
[Round "1"]
[White "Generalfree"]
[Black "Wagner"]
[WhiteElo "1800"]
[BlackElo "1700"]
[Result "1-0"]
[Round "1"]
1.e4 e5
2.Ng1f3 d6
3.Bf1c4 Ng8f6
4.Nf3g5 Nf6g4
5.Bc4xf7 Ke7
6.h3 Ng4h6
7.Bf7b3 g6
8.d4 Nb8c6
9.d5 Nc6d4
10.Bb3a4 b5
11.c3 bxa4
12.cxd4 Ke8
13.dxe5 dxe5
14.Qd1xa4 Bc8d7
15.Qa4c2 Bf8e7
16.Ng5f3 Nh6f7
17.Nb1c3 a6
18.a3 h6
19.Bc1e3 c6
20.dxc6 Bd7xc6
21.O-O g5
22.g4 Rh8f8
23.Ra1d1 Qd8c7
24.Nc3d5 Qc7b7
25.Nd5xe7 Kxe7
26.Be3c5 Kf6
27.Bc5xf8 Ra8xf8
28.Rf1e1 Kg7
29.h4 Nf7d8
30.Nf3xe5 Kf6
31.Ne5xc6 Nd8xc6
32.Qc2c3 Kf7
33.Rd1d2 Kg8
34.Re1d1 Qb7c8
35.Rd2d7 Rf8f7
36.Qc3c4 Kg7
37.Qc4xf7 { resign }
1-0

[Event "Match"]
[Site "www.echecsemail.com"]
[Date "2015.07.20"]
[Round "1"]
[White "Juodivarnai"]
[Black "Comrade"]
[WhiteElo "2180"]
[BlackElo "2100"]
[Result "0-1"]
[Round "1"]
1.e4 c5
2.Ng1f3 Nb8c6
3.Bf1b5 Ng8f6
4.O-O a6
5.Bb5xc6 dxc6
6.Rf1e1 Bc8g4
7.d3 e5
8.h3 Bg4xf3
9.Qd1xf3 Bf8e7
10.Bc1g5 O-O
11.Nb1d2 b5
12.Nd2f1 Qd8d7
13.Nf1g3 h6
14.Bg5e3 Qd7e6
15.Ng3f5 Kh7
16.Qf3g3 Rf8g8
17.f3 g5
18.Qg3f2 Nf6d7
19.Ra1d1 Ra8d8
20.c3 f6
21.d4 exd4
22.cxd4 c4
23.d5 cxd5
24.exd5 Qe6xf5
{ resign }
0-1

[Event "Match"]
[Site "www.echecsemail.com"]
[Date "2015.07.20"]
[Round "1"]
[White "Ruko"]
[Black "Fred59"]
[WhiteElo "1680"]
[BlackElo "999"]
[Result "1-0"]
[Round "1"]
1.e4 Ng8f6
2.e5 Nf6d5
3.d4 d6
4.Ng1f3 Bc8g4
5.Bf1e2 g6
6.h3 Bg4xf3
7.Be2xf3 dxe5
8.dxe5 c6
9.O-O Bf8g7
10.Rf1e1 O-O
11.c4 Nd5b6
12.Qd1c2 Qd8d4
13.e6 Qd4xc4
14.exf7 Rf8xf7
15.Qc2xc4  { time }
1-0

[Event "Match"]
[Site "www.echecsemail.com"]
[Date "2015.07.20"]
[Round "1"]
[White "Andradamaria"]
[Black "Wwgia"]
[WhiteElo "2249"]
[BlackElo "2040"]
[Result "0-1"]
[Round "1"]
1.d4 Ng8f6
2.c4 g6
3.Nb1c3 d5
4.cxd5 Nf6xd5
5.e4 Nd5xc3
6.bxc3 Bf8g7
7.Bf1c4 O-O
8.Ng1e2 c5
9.Bc1e3 Nb8c6
10.O-O Qd8c7
11.f3 Rf8d8
12.d5 e6
13.Qd1c2 Nc6e5
14.Be3f4 exd5
15.Bc4xd5 Bc8e6
16.Bd5xe6 fxe6
17.Ra1d1 Qc7e7
18.Bf4xe5 Bg7xe5
19.f4 Be5g7
20.e5 b6
21.g3 g5
22.Qc2c1 g4
 { time }
0-1

[Event "Match"]
[Site "www.echecsemail.com"]
[Date "2015.07.20"]
[Round "1"]
[White "Gorski"]
[Black "Ketchuplover"]
[WhiteElo "1130"]
[BlackElo "1940"]
[Result "0-1"]
[Round "1"]
1.e4 c6
2.Bf1c4 d5
3.d3 dxc4
4.Bc1f4 e6
5.d4 Bf8d6
6.Ng1f3 Bd6xf4
7.Nb1c3 Ng8f6
8.b3 Qd8a5
9.b4 Qa5xb4
10.O-O Qb4xc3
11.Nf3h4 O-O
12.Ra1b1 Rf8d8
13.Rb1b3 Qc3xd4
14.Qd1e1 cxb3
15.Qe1a5 bxc2
16.Rf1c1 Qd4d1
17.Qa5e1 Qd1xc1
18.Nh4f3 Qc1xe1
19.Nf3xe1 c1Q
20.Kf1 Rd8d1
21.Ke2 Rd1xe1
22.Kf3 g5
23.g3 g4
24.Kg2 Re1g1

0-1

[Event "Match"]
[Site "www.echecsemail.com"]
[Date "2015.07.20"]
[Round "1"]
[White "Pinehill"]
[Black "Pariolinius"]
[WhiteElo "1810"]
[BlackElo "1750"]
[Result "0-1"]
[Round "1"]
1.e4 c6
2.d4 d5
3.Nb1d2 dxe4
4.Nd2xe4 Bc8f5
5.Ne4g3 Bf5g6
6.h4 h6
7.h5 Bg6h7
8.Bf1d3 Bh7xd3
9.Qd1xd3 Ng8f6
10.Ng1f3 Nb8d7
11.c3 e6
12.O-O Bf8e7
13.Rf1e1 O-O
14.Nf3e5 Nd7xe5
15.Qd3c2 Ne5c4
16.Qc2b3 b5
17.Bc1e3 a5
18.a4 Nf6d5
19.axb5 cxb5
20.Qb3xb5 Nc4xe3
21.fxe3 Ra8b8
22.Qb5e2 Be7h4
23.Qe2g4 Bh4g5
24.e4 Nd5f6
25.Qg4f3 Rb8xb2
26.Ra1xa5 Qd8xa5
27.e5 Nf6d5
28.Ng3e4 Bg5e7
{ resign }
0-1

[Event "Match"]
[Site "www.echecsemail.com"]
[Date "2015.07.20"]
[Round "1"]
[White "Generalfree"]
[Black "Carloswhizz"]
[WhiteElo "1800"]
[BlackElo "1780"]
[Result "0-1"]
[Round "1"]
1.d4 d5
2.Ng1f3 Ng8f6
3.b3 b6
4.h3 e6
5.Bc1g5 Bf8e7
6.c3 Nf6e4
7.Bg5xe7 Qd8xe7
8.e3 O-O
9.Bf1d3 f5
10.g3 Nb8d7
11.Nb1d2 Ne4xc3
12.Qd1c2 Nc3e4
13.Qc2xc7 Qe7a3
14.O-O Nd7f6
15.Nd2b1 Qa3b2
16.Nb1c3 Rf8f7
17.Qc7e5 Qb2xc3
18.Bd3xe4 Nf6xe4
19.Ra1c1 Qc3b2
20.Rc1a1 Bc8d7
21.Nf3h2 Bd7b5
22.Qe5xe6 Ne4xf2
23.Qe6xd5 Nf2xh3
24.Kh1 Ra8f8
25.Qd5xb5 f4
26.exf4 Qb2xd4
27.Ra1d1 Qd4e4
28.Nh2f3 Rf7f5
29.Qb5c4 Qe4xc4
30.bxc4 Rf5h5
31.Nf3h4 g5
32.Nh4g2 Nh3f2
33.Kg1 Nf2xd1
34.Rf1xd1 gxf4
{ resign }
0-1

[Event "Match"]
[Site "www.echecsemail.com"]
[Date "2015.07.20"]
[Round "1"]
[White "Generalfree"]
[Black "4knights"]
[WhiteElo "1800"]
[BlackElo "1900"]
[Result "1-0"]
[Round "1"]
1.d4 Ng8f6
2.Ng1f3 e6
3.Qd1d3 d5
4.Bc1f4 Bf8d6
5.Bf4xd6 cxd6
6.e3 Nb8c6
7.a3 a6
8.Nb1c3 O-O
9.h3 Qd8b6
10.b3 e5
11.Nc3a4 Qb6c7
12.b4 e4
13.Qd3d1 exf3
14.Qd1xf3 Nf6e4
15.Bf1d3 f5
16.g3 { time. }
1-0

[Event "Match"]
[Site "www.echecsemail.com"]
[Date "2015.07.20"]
[Round "1"]
[White "Cccp"]
[Black "Joseph1983"]
[WhiteElo "1150"]
[BlackElo "2220"]
[Result "0-1"]
[Round "1"]
1.e4 e5
2.Ng1f3 Nb8c6
3.Bf1c4 Ng8f6
4.d3 Bf8e7
5.O-O O-O
6.Nb1d2 d5
7.exd5 Nf6xd5
 { time }
0-1

[Event "Match"]
[Site "www.echecsemail.com"]
[Date "2015.07.20"]
[Round "1"]
[White "Nestor"]
[Black "Juodivarnai"]
[WhiteElo "2150"]
[BlackElo "2210"]
[Result "0-1"]
[Round "1"]
1.e4 e5
2.Nb1c3 Ng8f6
3.Bf1c4 Nb8c6
4.d3 Nc6a5
5.Bc4b3 Na5xb3
6.axb3 d5
7.Ng1e2 dxe4
8.O-O exd3
9.cxd3 Bf8c5
10.Nc3e4 Bc5e7
11.Ne2c3 O-O
12.Ra1a5 Be7d6
13.Bc1g5 b6
14.Ra5a4 Bd6e7
15.Ne4xf6 Be7xf6
16.Bg5xf6 Qd8xf6
17.Nc3d5 Qf6d8
18.Qd1f3 Bc8e6
19.Nd5e3 Be6xb3
20.Ra4g4 Bb3e6
 { time }
0-1

[Event "Match"]
[Site "www.echecsemail.com"]
[Date "2015.07.20"]
[Round "1"]
[White "Reanna"]
[Black "Pinehill"]
[WhiteElo "1620"]
[BlackElo "1810"]
[Result "0-1"]
[Round "1"]
1.c4 Ng8f6
2.Nb1c3 e6
3.g3 d5
4.e3 c6
5.Ng1h3 Bf8d6
6.Bf1g2 Nb8d7
7.cxd5 exd5
8.O-O O-O
9.d4 Rf8e8
10.a3 Qd8c7
11.Nh3f4 Nd7b6
12.b4 Bc8g4
13.f3 Bg4d7
14.Bc1d2 Nb6c4
15.Bg2h3 Bd6xf4
16.Bh3xd7 Bf4xe3
17.Bd2xe3 Re8xe3
18.Bd7g4 Nf6xg4
19.f4 Re3xc3
20.Qd1xg4 Nc4e3
21.Qg4f3 Ra8e8
22.Rf1e1 Qc7d7
23.Qf3f2 Qd7h3
24.Ra1a2 Re8e6
25.a4 Kf8
26.Ra2e2 Ne3g4
27.Qf2g2 Qh3xg2
28.Kxg2 Re6xe2
29.Re1xe2 Rc3c2
30.Re2xc2 Ng4e3
31.Kf3 Ne3xc2
32.b5 Nc2xd4
33.Ke3 c5
34.h4 f5
35.Kd3 h5
36.Ke3 b6
37.Kd3 Ke7
38.Ke3 Kd6
39.Kd3 Nd4b3
40.Kc3 Nb3a5
41.Kd3 d4
42.Kc2 Kd5
43.Kd3 c4
44.Kc2 Ke4
45.Kd2 Kf3
{ resign }
0-1

[Event "Match"]
[Site "www.echecsemail.com"]
[Date "2015.07.20"]
[Round "1"]
[White "Noobasaurus"]
[Black "Jaalston"]
[WhiteElo "1599"]
[BlackElo "1399"]
[Result "1-0"]
[Round "1"]
1.e4 e5
2.Ng1f3 Nb8c6
3.Bf1b5 Ng8f6
4.Nb1c3 Bf8c5
5.O-O b6
6.b3 Bc8b7
7.Bc1b2 O-O
8.h3 d5
9.Bb5xc6 Bb7xc6
10.Nf3xe5 Bc6b7
11.exd5 Rf8e8
12.Rf1e1 Nf6xd5
13.Nc3xd5 Qd8xd5
14.Qd1f3 f6
15.Qf3xd5 Bb7xd5
16.c4 Bd5b7
17.Ne5f3 Ra8d8
18.Re1xe8 Rd8xe8
19.d4 Bc5b4
20.Ra1c1  { time }
1-0

[Event "Match"]
[Site "www.echecsemail.com"]
[Date "2015.07.20"]
[Round "1"]
[White "Harrytheking"]
[Black "Generalfree"]
[WhiteElo "1800"]
[BlackElo "1780"]
[Result "0-1"]
[Round "1"]
1.c4 e6
2.Ng1f3 Bf8c5
3.e3 f6
4.a3 c6
5.d4 Bc5b6
6.c5 Bb6c7
7.b4 b6
8.Bf1d3 f5
9.cxb6 axb6
10.Nb1c3 h6
11.O-O g5
12.h3 d5
13.Nf3e5 Bc7xe5
14.dxe5 Qd8c7
15.b5 Qc7xe5
16.Bc1b2 c5
17.Qd1c2 d4
18.Nc3e2 Qe5d5
19.e4 Qd5b7
20.a4 f4
21.f3 e5
22.Qc2c4 Ng8f6
23.Bd3c2 h5
24.Bc2b3 g4
25.hxg4 hxg4
26.g3 Ra8a7
27.gxf4 Qb7h7
28.fxe5 Qh7h2

0-1

[Event "Match"]
[Site "www.echecsemail.com"]
[Date "2015.07.20"]
[Round "1"]
[White "Fred59"]
[Black "Pariolinius"]
[WhiteElo "999"]
[BlackElo "1790"]
[Result "0-1"]
[Round "1"]
1.d4 d5
2.c4 e6
3.Ng1f3 Ng8f6
4.Bc1g5 Bf8e7
5.e3 Nb8d7
6.Nb1d2 O-O
7.Qd1c2 h6
8.Bg5h4 c6
9.Bf1d3 dxc4
10.Nd2xc4 b5
11.Nc4e5 Bc8b7
12.Ne5xc6 Qd8e8
 { time }
0-1

[Event "Match"]
[Site "www.echecsemail.com"]
[Date "2015.07.20"]
[Round "1"]
[White "Cyrilgeorge"]
[Black "Canario"]
[WhiteElo "1780"]
[BlackElo "1750"]
[Result "0-1"]
[Round "1"]
1.e4 e5
2.Ng1f3 Nb8c6
3.d4 exd4
4.Nf3xd4 Nc6xd4
5.Qd1xd4 c5
6.Qd4a4 Qd8b6
7.Qa4b5 Qb6xb5
8.Bf1xb5 Ng8f6
9.e5 Nf6g4
10.f4 a6
11.Bb5e2 Ng4h6
12.g3 Nh6f5
13.c4 Nf5d4
14.Nb1c3 b6
15.Ra1b1 Bc8b7
16.Rh1f1 b5
17.b3 b4
18.Nc3d1 Bb7e4
19.Rb1b2 Ra8d8
20.Bc1e3 Nd4c2
21.Kd2 Nc2xe3
22.Nd1xe3 d6
23.Ne3d5 dxe5
24.Ke3 Be4xd5
25.fxe5 Bd5e6
26.Rf1d1 Rd8xd1
27.Be2xd1 Bf8e7
28.Bd1f3 a5
29.Bf3c6 Kd8
30.Rb2d2 Kc7
31.Bc6d5 Be7g5
{ resign }
0-1

[Event "Match"]
[Site "www.echecsemail.com"]
[Date "2015.07.20"]
[Round "1"]
[White "Yangqi"]
[Black "Luzhin"]
[WhiteElo "2270"]
[BlackElo "2230"]
[Result "1-0"]
[Round "1"]
1.e4 e5
2.f4 Bf8c5
3.Ng1f3 d6
4.Nb1c3 Nb8c6
5.Bf1c4 Ng8f6
6.d3 Nf6g4
7.Nf3g5 O-O
8.f5 Ng4f6
9.Nc3d5 Bc8d7
10.h4 b5
11.Nd5xf6 Qd8xf6
12.Ng5xh7 Kxh7
13.Bc1g5 { resign }
1-0

[Event "Match"]
[Site "www.echecsemail.com"]
[Date "2015.07.20"]
[Round "1"]
[White "Chessexpert"]
[Black "Redabond"]
[WhiteElo "1620"]
[BlackElo "1499"]
[Result "0-1"]
[Round "1"]
1.d4 d5
2.c4 dxc4
3.e4 Nb8c6
4.Bc1e3 Ng8f6
5.Nb1c3 e5
6.d5 Nc6b4
7.Bf1xc4 c6
8.a3 Nb4a6
9.dxc6 bxc6
10.Qd1xd8 Kxd8
11.O-O-O Ke8
12.f3 Bf8c5
13.Be3xc5 { time. }
0-1

[Event "Match"]
[Site "www.echecsemail.com"]
[Date "2015.07.20"]
[Round "1"]
[White "Guidom"]
[Black "Grimsby"]
[WhiteElo "2120"]
[BlackElo "1700"]
[Result "1-0"]
[Round "1"]
1.e4 e5
2.Ng1f3 Nb8c6
3.Bf1b5 Nc6d4
4.Nf3xd4 exd4
5.O-O c6
6.Bb5a4 d6
7.f4 Bf8e7
8.d3 Ng8f6
9.c4 O-O
10.h3 a6
11.Nb1d2 b5
12.cxb5 axb5
13.Ba4b3 c5
14.Nd2f3 Qd8c7
15.e5 Nf6d7
16.e6 fxe6
17.Bb3xe6 Kh8
18.Nf3g5 Be7xg5
19.fxg5 Bc8b7
20.b3 Nd7e5
21.Bc1f4 Ne5g6
22.Bf4g3 Rf8xf1
23.Qd1xf1 Ra8f8
24.Qf1e2 Qc7e7
25.Ra1e1 Rf8e8
26.Qe2g4 Qe7c7
27.Qg4f5 Re8f8
28.Qf5g4 Qc7c6
29.Re1e4 d5
30.Re4e1 Bb7c8
31.Kh2 Bc8xe6
32.Re1xe6 Qc6d7
33.Qg4e2 Qd7c8
34.Re6d6  { time }
1-0